Logo BPK

Biblioteka

Politechniki Koszalińskiej

Going for Gold : (Rekord nr 49009)

Szczegóły MARC
000 -ETYKIETA REKORDU
podpole kontrolne o stałej długości 00753nam a2200229 i 4500
001 - NUMER KONTROLNY REKORDU
pole kontrolne bgj
020 ## - MIĘDZYNARODOWY ZNORMALIZOWANY NUMER KSIĄŻKI - ISBN
ISBN 1405809000
040 ## - ŹRÓDŁO KATALOGOWANIA
Instytucja, która utworzyła rekord BPK
041 0# - KOD JĘZYKA
Kod języka tekstu eng
920 ## - Międzynarodowy znormalizowany numer książki – ISBN
ISBN 1-405-80900-0
008 - POLE O STAŁEJ DŁUGOŚCI - DANE KONTROLNE
podpole kontrolne o stałej długości s uk f |000 0 eng
100 1# - NAZWA OSOBOWA
Nazwa osobowa BURGESS, Sally
245 10 - TYTUŁ/ODPOWIEDZIALNOŚĆ
Tytuł Going for Gold :
Ciąg dalszy tytułu intermediate plus : matura maximiser /
Pozostałe elementy strefy tytułu i oznaczenia odpowiedzialności Sally Burgess ; with Richard Acklam and Araminta Crace ; zadania maturalne: Hanna Mrozowska.
260 ## - STREFA ADRESU WYDAWNICZEGO
Miejsce wydania Harlow, Essex :
Nazwa wydawcy/dystrybutora Longman,
Data publikacji, dystrybucji/powstania dokumentu 2005.
300 ## - STREFA OPISU FIZYCZNEGO
Objętość 134 pp :
Inne cechy fizyczne ill. ;
Rozmiary 28 cm.
650 #9 - HASŁO PRZEDMIOTOWE W FORMIE NAZWY OGÓLNEJ LUB JEDNOSTKOWEJ
Nazwa ogólna lub geograficzna English language
Określnik ogólny Intermediate
-- Matura
655 ## - TERMIN INDEKSOWY - OKREŚLENIE RODZAJU/FORMY DOKUMENTU
Określenie rodzaju/formy dokumentu Exercises, questions
700 1# - HASŁO DODATKOWE - NAZWA OSOBOWA
Nazwa osobowa ACKLAM, Richard.
Określenie związku między hasłem a opisywanym materiałem co-author
700 1# - HASŁO DODATKOWE - NAZWA OSOBOWA
Nazwa osobowa CRACE, Araminta.
Określenie związku między hasłem a opisywanym materiałem co-author
700 1# - HASŁO DODATKOWE - NAZWA OSOBOWA
Nazwa osobowa MROZOWSKA, Hanna.
Określenie związku między hasłem a opisywanym materiałem co-author
856 ## - LOKALIZACJA I DOSTĘP DO ELEKTRONICZNYCH DOKUMENTÓW ZDALNYCH
Link (URL) http://koha.tu.koszalin.pl/cgi-bin/koha/opac-detail.pl?biblionumber=49009
Tekst linku Katalog online BPK
942 ## - DODATKOWE ELEMENTY (KOHA)
Typ dokumentu Książka
Egzemplarze
Wycofany Status egzemplarza Uszkodzony Dostępność Lokalizacja stała Lokalizacja bieżąca Miejsce przechowywania Sygnatura Kod kreskowy Typ dokumentu
      Dostępny Biblioteka Politechniki Koszalińskiej Biblioteka Politechniki Koszalińskiej Wypożyczalnia Językowa KA 6391 09046030 Książka
© 2023 Biblioteka Politechniki Koszalińskiej :: KOHA